MARC details
| 000 -CABECERA |
| campo de control de longitud fija |
02968nam a22002897a 4500 |
| 008 - DATOS DE LONGITUD FIJA--INFORMACIÓN GENERAL |
| campo de control de longitud fija |
251024b |||||||| |||| 00| 0 eng d |
| 020 ## - NÚMERO INTERNACIONAL ESTÁNDAR DEL LIBRO |
| Número Internacional Estándar del Libro |
9783836571739 |
| 040 ## - FUENTE DE LA CATALOGACIÓN |
| Centro/agencia transcriptor |
TBS |
| 041 ## - CÓDIGO DE LENGUA |
| Código de lengua del texto/banda sonora o título independiente |
eng |
| 050 ## - SIGNATURA TOPOGRÁFICA DE LA BIBLIOTECA DEL CONGRESO |
| Número de clasificación |
G156.5.H47 |
| Número de documento/Ítem |
N49 2024 |
| 245 ## - MENCIÓN DE TÍTULO |
| Título |
The New York Times cultured traveler |
| Resto del título |
: 100 trips for curious minds from Agadit to Yogyakarta |
| Mención de responsabilidad, etc. |
/ edited by Barbara Ireland. |
| 246 ## - FORMA VARIANTE DE TÍTULO |
| Título propio/Titulo breve |
Cultured traveler |
| Resto del título |
: 100 trips for curious minds from Agadit to Yogyakarta |
| 246 ## - FORMA VARIANTE DE TÍTULO |
| Título propio/Titulo breve |
New York Times cultured traveler one hundred trips for curious minds from Agadit to Yogyakarta |
| 260 ## - PUBLICACIÓN, DISTRIBUCIÓN, ETC. |
| Lugar de publicación, distribución, etc. |
Cologne : |
| Nombre del editor, distribuidor, etc. |
Taschen, |
| Fecha de publicación, distribución, etc. |
2024 |
| 300 ## - DESCRIPCIÓN FÍSICA |
| Extensión |
679 pages |
| Otras características físicas |
: color illustrations ; |
| Dimensiones |
25 cm. |
| 520 ## - SUMARIO, ETC. |
| Sumario, etc. |
Some travelers dig deep, with a sharp appetite for knowledge and minds wide open to what’s old and what’s new. In Cultured Traveler, the latest in the travel book collaborations between The New York Times and TASCHEN, these adventurers hum to Mozart in Vienna and tap their toes to dance music in Dar es Salaam. They pursue Hamlet in Elsinore, Picasso on the French Riviera, and Le Corbusier in India. They follow in the footsteps of Georgia O’Keeffe, Jackie Kennedy, and even Jesus.<br/><br/>Through 100 stories of their trips around the globe, talented Times travel writers and photographers invite readers to share in their discoveries. Pack your suitcase with curiosity for a trek to see Buddhist cave art in China or an afternoon of kayaking in Germany’s intriguing and idyllic Spreewald. Challenge your senses along with your wits tasting maple syrup in Quebec or octopus snacks at a Japanese baseball game, sniffing the flowers in French perfume country, and sipping Cognac in none other than the place called Cognac.<br/><br/>And, as always, sample each writer’s unique point of view. Henry Shukman, poet and teacher of Zen, hikes in England on Europe’s oldest road amid a landscape he describes as “elemental, austere, with a kind of monumental elegance.” Jason Wilson, the series editor for The Best American Travel Writing, follows the trail of the Stradivarius in fascinating prose, though he confesses, “I do not, in fact, play the violin.” The veteran travel writer and author Tony Perrottet, with Sydney’s art scene as Exhibit A, sets out to prove that “Australia has a lot more to offer than rampant hedonism and cuddly koalas.”<br/><br/>The best travel is both fun and a learning experience. With Times-quality journalism and visuals, illuminating historic photos, and tips on what to read and watch for inspiration, Cultured Traveler gets you in the thick of it. |
| 650 #0 - PUNTO DE ACCESO ADICIONAL DE MATERIA--TÉRMINO DE MATERIA |
| Término de materia o nombre geográfico como elemento de entrada |
Culture |
| 9 (RLIN) |
4441 |
| 650 #0 - PUNTO DE ACCESO ADICIONAL DE MATERIA--TÉRMINO DE MATERIA |
| Término de materia o nombre geográfico como elemento de entrada |
Travel |
| Subdivisión de forma |
Guidebooks |
| 9 (RLIN) |
26326 |
| 655 #0 - TÉRMINO DE INDIZACIÓN--GÉNERO/FORMA |
| Datos o término principal de género/forma |
Travel writing |
| 9 (RLIN) |
25782 |
| 655 #0 - TÉRMINO DE INDIZACIÓN--GÉNERO/FORMA |
| Datos o término principal de género/forma |
Travel guidebooks |
| 9 (RLIN) |
22406 |
| 655 #0 - TÉRMINO DE INDIZACIÓN--GÉNERO/FORMA |
| Datos o término principal de género/forma |
Essays |
| 9 (RLIN) |
25275 |
| 700 ## - ENTRADA AGREGADA--NOMBRE PERSONAL |
| Nombre de persona |
Ireland, Barbara |
| 9 (RLIN) |
26327 |
| Término indicativo de función/relación |
editor |
| 700 ## - ENTRADA AGREGADA--NOMBRE PERSONAL |
| Nombre de persona |
Adams, Mark |
| 9 (RLIN) |
26328 |
| Término indicativo de función/relación |
contributor |
| 700 ## - ENTRADA AGREGADA--NOMBRE PERSONAL |
| Nombre de persona |
Virshup, Amy |
| 9 (RLIN) |
26329 |
| Término indicativo de función/relación |
writer of introduction |
| 710 ## - ENTRADA AGREGADA--NOMBRE DE ENTIDAD CORPORATIVA |
| Nombre de entidad corporativa o nombre de jurisdicción como elemento de entrada |
New York Times Company |
| 9 (RLIN) |
26330 |
| 942 ## - ELEMENTOS DE ENTRADA AGREGADA (KOHA) |
| Fuente del sistema de clasificación o colocación |
Clasificación de Library of Congress |